000 01115nas a2200289Ia 4500
001 R408/G1192
003 IT-RoPAU
008 151124c99999999xx |||||||||||| ||und||
040 _aIT-RoPAU
040 _cIT-RoPAU
041 _aITALIANO
100 _aMarconi Luca
_gCodice Aut. SPICS: 13914
210 _aMUSICA DOMANI
222 _aMusica Domani
245 _aMUSICA DOMANI, ANNO 29-N.111 (GIUGNO 1999)
_bValutare la Preparazione Degli Insegnanti
250 _a1a ed.
260 _aMILANO
_bRICORDI
_c1999
501 _bPaulus - SPICS - Società San Paolo EM (non-commercial uses only)
_cCopyright2015
300 _a6 p. [33-38]
362 _aANNO 029, N.111 (GIUGNO 1999)
500 _aConcorsi per L'Educazione Musicale. Intenzioni Buone ma Poco Concrete di Luca Marconi. Insegnanti Efficaci O Tuttologi? di Maurizio Spaccazocchi. La Professionalità Docente è Tutta Un'Altra Faccenda di Carla Tessari.
650 _aMUSICA
_vPUBBLICAZIONE PERIODICA
700 _aSpaccazocchi Maurizio
700 _aTessari Carla
700 _gCodice Aut. SPICS: 643Codice Aut. SPICS: 46409
942 _cCR
999 _c154408
_d154408